000 00713cam a2200205 4500
001 WB3614-09
008 000000n2000 000 0 eng u
035 _a(Sirsi) u105235
245 _aPerils of reporting after end of privity
260 _c2000
490 _aEstates Gazette
_v(0013) 1 April 2000, 182(1)
520 _aSuggests that the Contracts (Rights of Third Parties) Act 1999 could mean that developers could sue those responsible for producing environmental and other reports.
590 _aWB
650 _aCONTRACTS (RIGHTS OF THIRD PARTIES) ACT 1999
650 _aREPORTS
650 _aLAND SALES
650 _aPRIVITY OF CONTRACT
690 _aPROPERTY-PROPERTY DEVELOPMENT
942 _n0
999 _c63107
_d63107